[Event "34th Olympiad"]
[Site "Istanbul TUR"]
[Date "2000.11.12"]
[Round "14"]
[White "Ftacnik,L"]
[Black "Weiss,C"]
[Result "1-0"]
[WhiteElo "2608"]
[BlackElo "2386"]

1.Nf3 Nf6 2.c4 c5 3.Nc3 g6 4.d4 cxd4 5.Nxd4 Bg7 6.e4 d6 7.Be2 O-O 8.O-O Nc6
9.Be3 Bd7 10.Qd2 Nxd4 11.Bxd4 Bc6 12.f3 Nd7 13.Be3 a5 14.b3 Nc5 15.Rab1 f5
16.exf5 gxf5 17.Nd5 Rf7 18.Rfd1 e6 19.Nf4 Rd7 20.a3 e5 21.Nd5 f4 22.Bf2 Kh8
23.Qe1 Bxd5 24.Rxd5 Ne6 25.Qd2 Qe7 26.Rxa5 Rg8 27.Re1 e4 28.fxe4 Be5 29.Bf3 Qg7
30.Rd5 Ng5 31.Kf1 Nxf3 32.gxf3 Qg2+ 33.Ke2 Rdg7 34.c5 Qxh2 35.cxd6 Rg2 36.Rf1 Bf6
37.d7 Rd8 38.Rf5 Bh4 39.Qd4+ Kg8 40.Qd5+ Kh8 41.Qe5+ Kg8  1-0

[Event "Tch-ISL"]
[Site "Reykjavik ISL"]
[Date "2000.11.18"]
[Round "2"]
[White "Arnason,J"]
[Black "Karason,A"]
[Result "1-0"]
[WhiteElo "2528"]
[BlackElo "2250"]

1.Nf3 c5 2.c4 Nf6 3.Nc3 b6 4.e4 Nc6 5.d4 cxd4 6.Nxd4 Bb7 7.Bg5 Qb8 8.f4 h6
9.Bxf6 gxf6 10.g3 Nxd4 11.Qxd4 e5 12.Qd3 Bb4 13.O-O-O Bxc3 14.Qxd7+ Kf8 15.bxc3 Bxe4
16.Rg1 Qe8 17.Bg2 Bxg2 18.Rxg2 Qxd7 19.Rxd7 exf4 20.gxf4 Rg8 21.Rxg8+ Kxg8
22.Kd2 Kg7 23.f5 Rc8 24.Kd3 Rc5 25.Rxa7 Rxf5 26.Ra6 Rh5 27.Rxb6 Rxh2 28.c5 Rxa2
29.c6 Ra8 30.Kd4 f5 31.Kd5 Rd8+ 32.Kc5  1-0

[Event "Autumn Cup GM"]
[Site "Bucharest ROM"]
[Date "2000.11.20"]
[Round "1"]
[White "Istratescu,A"]
[Black "Simantsev,M"]
[Result "1-0"]
[WhiteElo "2578"]
[BlackElo "2403"]

1.c4 Nf6 2.Nc3 c5 3.Nf3 b6 4.g3 Bb7 5.Bg2 e6 6.O-O Be7 7.b3 O-O 8.Bb2 d6
9.e3 Nbd7 10.d4 Ne4 11.Qd3 Nxc3 12.Bxc3 Nf6 13.Nh4 Bxg2 14.Nxg2 Qc7 15.d5 exd5
16.cxd5 Nd7 17.e4 Bf6 18.Bxf6 Nxf6 19.Ne3 Qd7 20.f3 b5 21.a4 a6 22.Rf2 Rfc8
23.Rfa2 Rab8 24.axb5 axb5 25.Qc3 Ne8 26.Nf5 b4 27.Qd3 Nc7 28.Ra7 g6 29.Ne3 Ra8
30.Ng4 Rxa7 31.Rxa7 Qb5 32.Qd2 c4 33.Qh6 Qc5+ 34.Kg2 Ne8 35.Re7 Ng7 36.Nf6+ Kf8
37.Rb7 Qd4 38.Qxh7  1-0

[Event "Autumn Cup IM"]
[Site "Bucharest ROM"]
[Date "2000.11.20"]
[Round "1"]
[White "Milanovic,Sla"]
[Black "Cioara,A"]
[Result "0-1"]
[WhiteElo "2324"]
[BlackElo "2350"]

1.c4 Nf6 2.Nc3 e6 3.Nf3 c5 4.d4 cxd4 5.Nxd4 Bc5 6.Nb3 Be7 7.e4 d6 8.Bd3 a6
9.f4 Nc6 10.Qe2 O-O 11.O-O Nd7 12.Be3 b6 13.Rad1 Qc7 14.Bb1 Bb7 15.Rd2 Nc5
16.Qh5 Bf6 17.e5 g6 18.exd6 Qd8 19.Qe2 Nd7 20.Ne4 Bg7 21.Nd4 Re8 22.Nxc6 Bxc6
23.Ng5 f5 24.Nf3 e5 25.fxe5 Nxe5 26.Nxe5 Bxe5 27.Qf2 Qf6 28.Bf4 Rad8 29.Rfd1 Bxf4
30.Qxf4 Re6 31.d7 Qe7 32.Qg3 Rxd7 33.Rxd7 Bxd7 34.Bxf5 Re3 35.Qb8+ Be8  0-1

[Event "It Jose Rubinstein"]
[Site "Vicente Lopez ARG"]
[Date "2000.11.21"]
[Round "6"]
[White "Tempone,M"]
[Black "Malbran,G"]
[Result "1-0"]
[WhiteElo "2439"]
[BlackElo "2399"]

1.Nf3 Nf6 2.c4 c5 3.Nc3 g6 4.d4 Bg7 5.e4 d6 6.d5 O-O 7.h3 b5 8.cxb5 a6 9.a4 Nbd7
10.Ra3 axb5 11.Bxb5 Ba6 12.Bxa6 Rxa6 13.O-O Qa8 14.Re1 Nb6 15.b3 Rc8 16.Qc2 Nfd7
17.Bb2 Ne5 18.Nxe5 Bxe5 19.Rea1 Rf8 20.Nb5 Bxb2 21.Qxb2 Qb7 22.Qc2 Raa8 23.Qe2 Qa6
24.h4 h5 25.g4 hxg4 26.Qxg4 Qc8 27.Qg5 Qd7 28.Nc3 Kg7 29.Ne2 f6 30.Qg2 Rh8
31.Nf4 Rh6 32.a5 Nc8 33.b4 cxb4 34.Rg3 Kh7 35.Rxg6 Qe8 36.h5 Rxg6 37.hxg6+ Kg7
38.Ne6+ Kg8 39.Qg4  1-0

[Event "VI Open"]
[Site "Lisbon POR"]
[Date "2000.11.24"]
[Round "7"]
[White "Vilela,JL"]
[Black "Spraggett,K"]
[Result "0-1"]
[WhiteElo "2384"]
[BlackElo "2501"]

1.Nf3 Nf6 2.c4 c5 3.Nc3 e6 4.g3 a6 5.Bg2 Qc7 6.O-O d6 7.b3 Be7 8.Bb2 O-O
9.Rc1 b6 10.d4 cxd4 11.Nxd4 Bb7 12.e4 Nbd7 13.Re1 Rfe8 14.Rc2 Rac8 15.Rce2 Bf8
16.h3 Qb8 17.Kh2 Ba8 18.Rd2 h6 19.Qe2 Nc5 20.Qf1 Bb7 21.Nc2 Ncd7 22.Ne3 Bc6
23.b4 Ba8 24.a3 Be7 25.Red1 Rc7 26.f3 Rec8 27.Nb1 b5 28.cxb5 axb5 29.Qe2 Ne5
30.Rd4 Bc6 31.Nc3 Be8 32.Qd2 Qb6 33.Ne2 Nfd7 34.f4 Nc4 35.Nxc4 Rxc4 36.Rxc4 Rxc4
37.Rc1 Rxc1 38.Qxc1 Qb8 39.Qc2 Nb6 40.Bd4 Na4 41.Bf2  0-1

[Event "Mitropa Team Cup"]
[Site "Charleville FRA"]
[Date "2000.11.25"]
[Round "1"]
[White "Ruck,R"]
[Black "Mantovani,R"]
[Result "1-0"]
[WhiteElo "2489"]
[BlackElo "2410"]

1.Nf3 c5 2.c4 Nf6 3.Nc3 g6 4.g3 Bg7 5.Bg2 Nc6 6.d4 cxd4 7.Nxd4 Nxd4 8.Qxd4 O-O
9.O-O d6 10.Qd3 a6 11.Be3 Qa5 12.h3 Bd7 13.Bd2 Bc6 14.e4 Rfc8 15.Qe2 Qd8
16.Rfd1 Nd7 17.Rac1 b5 18.cxb5 axb5 19.a3 Rab8 20.Bg5 h6 21.Be3 b4 22.Nd5 bxa3
23.bxa3 Bxd5 24.Rxc8 Qxc8 25.Rxd5 Qc3 26.Rb5 Qxa3 27.Rxb8+ Nxb8 28.Qb5 Qb2
29.Qe8+ Kh7 30.Qxe7 Qf6 31.Qb7 Qd8 32.Qxf7 Nd7 33.f4 Nf6 34.Kh2 Qd7 35.Qb3 Qe7
36.Qb4 Qe6 37.Qb7 Qd7 38.Qb3 Qe7 39.Qd3 Nd7 40.Bf3 Nc5 41.Qc2 Qb7 42.Bxc5 Qc7
43.e5 Qxc5 44.Qxc5 dxc5 45.Bd5 g5 46.Bf7 c4 47.Bxc4 Kg6 48.Be6 gxf4 49.gxf4 Bf8
50.Kg3 Bb4 51.f5+ Kg7 52.Kf4 Be7 53.Bc4 Bh4 54.Ke4 Bg5 55.Kd5 Bh4 56.Ke6 Kf8
57.f6 Be1 58.Kf5 Ba5 59.e6  1-0

[Event "Autumn Cup GM"]
[Site "Bucharest ROM"]
[Date "2000.11.27"]
[Round "7"]
[White "Badea,B"]
[Black "Simantsev,M"]
[Result "1-0"]
[WhiteElo "2480"]
[BlackElo "2403"]

1.Nf3 c5 2.c4 Nf6 3.Nc3 b6 4.g3 Bb7 5.Bg2 e6 6.O-O Be7 7.Re1 d6 8.e4 a6 9.d4 cxd4
10.Nxd4 Qc7 11.Be3 O-O 12.f4 Nc6 13.Nb3 Nd7 14.Qe2 Rac8 15.a3 Rfe8 16.Rac1 Bf6
17.Nd2 Nc5 18.Bf1 Ne7 19.Bf2 Nd7 20.b4 Qb8 21.Qd3 Red8 22.Ndb1 Nc6 23.Rcd1 Be7
24.Na4 Ba8 25.Qe3 b5 26.cxb5 axb5 27.Nac3 e5 28.Nxb5 Nf6 29.Qb6 Bb7 30.N1c3 Nd4
31.Bxd4 exd4 32.Qxd4 Re8 33.Bh3 Rcd8 34.Qa7  1-0

[Event "Mitropa Team Cup"]
[Site "Charleville FRA"]
[Date "2000.11.28"]
[Round "4"]
[White "Tratar,M"]
[Black "Kalod,R"]
[Result "0-1"]
[WhiteElo "2410"]
[BlackElo "2483"]

1.Nf3 Nf6 2.c4 c5 3.Nc3 e6 4.g3 b6 5.Bg2 Bb7 6.O-O Be7 7.Re1 a6 8.e4 d6 9.d4 cxd4
10.Nxd4 Qc7 11.Be3 O-O 12.Rc1 Nbd7 13.f4 Rfe8 14.Bf2 Bf8 15.Qe2 Kh8 16.e5 Bxg2
17.Kxg2 dxe5 18.fxe5 Ng8 19.Nf3 Nh6 20.h3 Rac8 21.Red1 Red8 22.g4 Be7 23.b3 Ng8
24.Bg3 Nc5 25.Bf2 Nd7 26.Ne4 Nxe5 27.Bxb6 Qxb6 28.Nxe5 Nh6 29.c5 Qb7 30.Qf3 f6
31.Nd3 Rd4 32.b4 Qxe4  0-1

[Event "Mitropa Team Cup"]
[Site "Charleville FRA"]
[Date "2000.12.01"]
[Round "7"]
[White "Pelletier,Y"]
[Black "Jelen,Ig"]
[Result "1-0"]
[WhiteElo "2474"]
[BlackElo "2423"]

1.Nf3 c5 2.c4 Nf6 3.Nc3 d5 4.cxd5 Nxd5 5.g3 g6 6.Bg2 Bg7 7.Qa4+ Bd7 8.Qc4 Nb4
9.O-O Qc8 10.d3 O-O 11.Qh4 N8c6 12.Bh6 f6 13.Bxg7 Kxg7 14.Rac1 e5 15.a3 Na6
16.Qe4 Qe8 17.Nd2 Nc7 18.f4 exf4 19.Qxf4 Ne6 20.Qf2 b6 21.Nd5 f5 22.b4 Ne5
23.bxc5 Ng4 24.Qe1 bxc5 25.h3 Ne5 26.Nb3 Rc8 27.Qc3 Ng5 28.Nxc5 Bc6 29.Nf4 Kg8
30.Bxc6 Rxc6 31.Qb3+ Kh8 32.h4 Ngf7 33.Nce6 Rb6 34.Qd5 Rd6 35.Qc5 Rg8 36.Ng5 Rf6
37.Qd4 h6 38.Nxf7+ Rxf7 39.Rc5 Re7 40.Rfc1 g5 41.Rxe5  1-0

[Event "FIDE WCh Women KO"]
[Site "New Delhi IND"]
[Date "2000.12.02"]
[Round "2.4"]
[White "Demina,J"]
[Black "Arribas,M"]
[Result "1-0"]
[WhiteElo "2368"]
[BlackElo "2300"]

1.Nf3 c5 2.c4 Nf6 3.Nc3 e6 4.g3 b6 5.Bg2 Bb7 6.O-O Be7 7.d4 cxd4 8.Qxd4 d6
9.Rd1 a6 10.b3 Nbd7 11.e4 Qc7 12.Ba3 Nc5 13.e5 dxe5 14.Qxe5 Rc8 15.Qxc7 Rxc7
16.Ne5 Bxg2 17.Kxg2 O-O 18.f4 Rb8 19.Kf3 b5 20.Bxc5 Bxc5 21.cxb5 axb5 22.Ne4 Nxe4
23.Kxe4 Ba3 24.Rd2 f6 25.Nf3 Rc3 26.Rd3 Rbc8 27.Rad1 Rxd3 28.Kxd3 Kf7 29.Nd4 Rd8
30.Ke2 Rd5 31.Nc2 Rxd1 32.Kxd1 Bb2 33.a4 bxa4 34.bxa4 Bc3 35.Ke2 e5 36.Kd3 Ba5
37.fxe5 fxe5 38.Ke4 Kf6 39.Ne3 h5 40.Nc4 Bc3 41.a5 h4 42.g4 h3 43.a6 Bd4
44.Nxe5 Bxe5 45.a7 Bxh2 46.a8=Q Kg5 47.Qd5+ Kxg4 48.Qf5+ Kg3 49.Qf3+ Kh4
50.Kf5 g6+ 51.Kxg6 Bd6 52.Kf5  1-0

[Event "Belgian Interteams 2000-1"]
[Site "BEL"]
[Date "2000.12.03"]
[Round "4"]
[White "Janssen,R"]
[Black "Foisor,O"]
[Result "0-1"]
[WhiteElo "2414"]
[BlackElo "2404"]

1.Nf3 Nf6 2.c4 c5 3.Nc3 e6 4.g3 d5 5.cxd5 Nxd5 6.Bg2 Nc6 7.O-O Be7 8.d4 O-O
9.e4 Ndb4 10.d5 exd5 11.exd5 Nd4 12.Nxd4 cxd4 13.a3 dxc3 14.axb4 cxb2 15.Bxb2 Qb6
16.Bd4 Qxb4 17.Ra4 Qd6 18.Qa1 b5 19.Be5 Qb6 20.d6 Bxd6 21.Bxg7 bxa4 22.Bxf8 Bxf8
23.Bxa8 a3 24.Rb1 Qa5 25.Rb8 Be6 26.Be4 a2 27.Bxh7+ Kxh7 28.Rxf8 f6 29.Rb8 Kg6
30.h4 Qa3 31.Rb2 Bd5 32.h5+ Kg7 33.h6+ Kg6 34.h7 Kxh7 35.Re2 Qf3 36.Re7+ Kg6  0-1

[Event "Belgian Interteams 2000-1"]
[Site "BEL"]
[Date "2000.12.03"]
[Round "4"]
[White "Chuchelov,V"]
[Black "De Haan,E"]
[Result "1/2-1/2"]
[WhiteElo "2535"]
[BlackElo "2291"]

1.Nf3 Nf6 2.c4 c5 3.Nc3 b6 4.g3 Bb7 5.Bg2 g6 6.O-O Bg7 7.d4 cxd4 8.Qxd4 d6
9.Be3 Nbd7 10.Rac1 Rc8 11.b3 O-O 12.Qh4 h5 13.Rfd1 Re8 14.h3 a6 15.g4 b5
16.g5 Nh7 17.Nd5 e6 18.Nb4 a5 19.Nd3 bxc4 20.bxc4  1/2-1/2

[Event "Belgian Interteams 2000-1"]
[Site "BEL"]
[Date "2000.12.03"]
[Round "4"]
[White "Beeckmans,F"]
[Black "Claesen,J"]
[Result "1/2-1/2"]
[WhiteElo "2293"]
[BlackElo "2253"]

1.c4 c5 2.Nc3 Nf6 3.Nf3 d5 4.cxd5 Nxd5 5.g3 Nc6 6.Bg2 Nc7 7.d3 e5 8.Nd2 Be7
9.O-O O-O 10.Bxc6 bxc6 11.Qa4 Bh3 12.Re1 Ne6 13.Nc4 Qc7 14.Be3 f5 15.Qa5 Qb8
16.Na4 Qb5 17.Nc3 Qb8 18.Na4 Qb5 19.Nc3 Qb8  1/2-1/2

[Event "FSIMB December"]
[Site "Budapest HUN"]
[Date "2000.12.04"]
[Round "2"]
[White "Bordas,G"]
[Black "Khechumyan,G"]
[Result "1/2-1/2"]
[WhiteElo "2186"]
[BlackElo "2255"]

1.Nf3 Nf6 2.c4 c5 3.Nc3 g6 4.g3 Bg7 5.Bg2 O-O 6.d4 cxd4 7.Qxd4 Nc6 8.Qh4 h5
9.O-O d6 10.Rd1 Rb8 11.c5 d5 12.Bf4 Ra8 13.e4 d4 14.h3 dxc3 15.Rxd8 Rxd8
16.bxc3 Nxe4 17.Bc7 Rd7 18.Qxe4 Rxc7 19.Nd4 Nxd4 20.cxd4 Bf5 21.Qe3 Rd8 22.Rd1 e6
23.g4 hxg4 24.hxg4 Bc2 25.Rd2 Ba4 26.Qa3 Bh6 27.Rd3 Bc2 28.Rc3 Bd1 29.Qxa7 Bf4
30.Bxb7 Rxd4 31.c6 Be5 32.f3 Rd2 33.Re3 Bd4 34.Qb8+ Kh7 35.Qxc7 Bxe3+ 36.Kf1 Kg8
37.Qa5 Rf2+ 38.Ke1 Bxf3 39.Qd8+ Kg7 40.Qd3 Bb6 41.Qc3+ Kh7 42.c7 Bxb7 43.Qb4 Rxa2
44.Qxb6 Ba6 45.Kd1 Ra4 46.Kc2 Rc4+ 47.Kb3 Rc1 48.Qxa6 Rxc7 49.Qd6 Rb7+ 50.Kc4 Kg7
51.Qe5+ Kg8 52.Kc5 Rd7  1/2-1/2

[Event "Open"]
[Site "Mallorca ESP"]
[Date "2000.12.04"]
[Round "3"]
[White "Mascaro March,P"]
[Black "De la Villa Garcia,J"]
[Result "0-1"]
[WhiteElo "2213"]
[BlackElo "2458"]

1.Nf3 c5 2.c4 Nf6 3.Nc3 d5 4.cxd5 Nxd5 5.e4 Nb4 6.Bc4 Nd3+ 7.Ke2 Nf4+ 8.Kf1 Ne6
9.Ne5 g6 10.Qa4+ Bd7 11.Bxe6 fxe6 12.Nxd7 Qxd7 13.Qxd7+ Kxd7 14.d3 Bg7 15.Be3 Bd4
16.Ke2 Nc6 17.h4 Rhf8 18.Raf1 Rf7 19.h5 g5 20.f3 h6 21.Nd1 b6 22.Bc1 Rg8
23.Ne3 Bxe3 24.Bxe3 e5 25.a3 a5 26.Rf2 Nd4+ 27.Bxd4 exd4 28.Ra1 a4 29.g4 Kd6
30.Kf1 Ra8 31.Kg2 e5 32.b3 axb3 33.Rb2 Kc6 34.Rxb3 b5 35.Rab1 Rb7 36.Kf2 Ra4
37.R1b2 b4 38.axb4 Raxb4 39.Rxb4 cxb4 40.Ke2 b3 41.Rb1 Kc5 42.Kd2 Kb4  0-1

[Event "FIDE WCh Women KO"]
[Site "New Delhi IND"]
[Date "2000.12.04"]
[Round "3.2"]
[White "Maric,A"]
[Black "Cmilyte,V"]
[Result "1-0"]
[WhiteElo "2443"]
[BlackElo "2335"]

1.Nf3 Nf6 2.c4 e6 3.Nc3 c5 4.e3 Nc6 5.d4 d5 6.cxd5 exd5 7.Bb5 Bd6 8.dxc5 Bxc5
9.O-O O-O 10.b3 a6 11.Bxc6 bxc6 12.Bb2 Bd6 13.Rc1 Bb7 14.Na4 Ne4 15.Nd4 Re8
16.Nxc6 Bxc6 17.Rxc6 Re6 18.Qc2 Qh4 19.Rc8+ Re8 20.Rxe8+ Rxe8 21.g3 Qh3 22.Qc6 Qe6
23.f3 Rc8 24.Qb6 Nd2 25.Qd4 Qg6 26.Qxd2 Rc2 27.Qe1 h5 28.f4 Qe4 29.Rf2 Bb4
30.Qd1 Rc7 31.Qd4  1-0

[Event "Open"]
[Site "Padova ITA"]
[Date "2000.12.04"]
[Round "3"]
[White "Timoscenko,G"]
[Black "Caruso,A"]
[Result "1-0"]
[WhiteElo "2529"]
[BlackElo "2286"]

1.c4 c5 2.Nf3 Nf6 3.Nc3 e6 4.g3 b6 5.Bg2 Bb7 6.O-O Be7 7.Re1 O-O 8.e4 d6
9.d4 cxd4 10.Nxd4 Qc7 11.b3 Rd8 12.Bb2 Nc6 13.Rc1 Rac8 14.Nd5 Qd7 15.Nxc6 Bxc6
16.Nxf6+ Bxf6 17.Bxf6 gxf6 18.a4 Qe7 19.Rc3 Qf8 20.Rd3 Rd7 21.Re2 Rcd8 22.Red2 Qh6
23.h4 Qg6 24.Rxd6  1-0

[Event "FSIMA December"]
[Site "Budapest HUN"]
[Date "2000.12.11"]
[Round "9"]
[White "Spielmann,Al"]
[Black "Mensch,E"]
[Result "1/2-1/2"]
[WhiteElo "2275"]
[BlackElo "2302"]

1.Nf3 c5 2.c4 Nf6 3.Nc3 g6 4.d4 cxd4 5.Nxd4 Bg7 6.g3 O-O 7.Bg2 Nc6 8.Nc2 d6
9.O-O Be6 10.b3 Qa5  1/2-1/2

[Event "2nd Viking GMB"]
[Site "York ENG"]
[Date "2000.12.14"]
[Round "2"]
[White "Quinn,M"]
[Black "Van der Weide,K"]
[Result "1/2-1/2"]
[WhiteElo "2381"]
[BlackElo "2467"]

1.c4 Nf6 2.Nc3 c5 3.Nf3 g6 4.e4 d6 5.d4 cxd4 6.Nxd4 Nc6 7.Nc2 Bg7 8.Be2 Nd7
9.O-O Nc5 10.f3 O-O 11.Be3 Bxc3 12.bxc3 Qa5 13.Bh6 Rd8 14.Qd2 Be6 15.Nb4 f6
16.h4 Na4 17.Nd5 Bxd5  1/2-1/2

[Event "XIII Carlos Torre Open"]
[Site "Merida MEX"]
[Date "2000.12.16"]
[Round "2"]
[White "Sammalvuo,T"]
[Black "Mikhalevski,V"]
[Result "0-1"]
[WhiteElo "2388"]
[BlackElo "2532"]

1.Nf3 Nf6 2.c4 c5 3.Nc3 d5 4.cxd5 Nxd5 5.g3 Nc6 6.Bg2 Nc7 7.O-O e5 8.d3 Be7
9.Nd2 Bd7 10.Nc4 f6 11.f4 b5 12.Ne3 Rc8 13.Ned5 Nxd5 14.Nxd5 O-O 15.a4 b4
16.Bd2 Be6 17.Nxe7+ Nxe7 18.b3 Nf5 19.Rb1 Qd7 20.Be4 Nd4 21.Be3 Bg4 22.Rf2 Rfe8
23.Qd2 exf4 24.gxf4 a5 25.Rb2 f5 26.Bxd4 cxd4 27.Bf3 Bxf3 28.Rxf3 Rc3 29.Qe1 Qd5
30.Qf2 Re3 31.Kg2 Rc6 32.h3 h6 33.Kh2 Rc1 34.Kg3 Kh7 35.Qg2 Qd7 36.Kf2 Qe7
37.Qg3 Rxf3+ 38.Qxf3 Qh4+ 39.Kg2 Qe1 40.e4 Qg1+  0-1

[Event "Open"]
[Site "Ano Liosia GRE"]
[Date "2000.12.30"]
[Round "4"]
[White "Abdo,A"]
[Black "Atakisi,U"]
[Result "0-1"]
[WhiteElo "2025"]
[BlackElo "2258"]

1.Nf3 c5 2.c4 Nf6 3.Nc3 d5 4.cxd5 Nxd5 5.g3 Nc6 6.Bg2 Nc7 7.O-O e5 8.d3 Be7
9.Bd2 O-O 10.Ne1 Bd7 11.Nd5 Nxd5 12.Bxd5 Bh3 13.Bg2 Bxg2 14.Nxg2 b6 15.Bc3 Qd7
16.Qa4 Rad8 17.Rad1 Nd4 18.Qxd7 Nxe2+ 19.Kh1 Rxd7 20.Bxe5 Rd5 21.f4 f6 22.Ne3 Rd7
23.Bc3 Rfd8 24.Nf5 Bf8 25.Rf3 c4 26.d4 g6 27.Ne3 b5 28.Nc2 Nxc3 29.bxc3 Re8
30.Kg2 Rd6 31.Rd2 Ra6 32.Ne3 Ra3 33.Rc2 Kf7 34.Kf2 Re6 35.Kf1 Be7 36.f5 Rea6
37.fxg6+ hxg6 38.Rff2 Re6 39.Rf3 Bd8 40.Ng4 Re4 41.Nf2 Rxd4 42.Kg2 Rd6 43.Ng4 f5
44.Re2 Bf6 45.Nxf6 Rxf6 46.Rfe3 Rfa6 47.Rf3 Rxa2  0-1

[Event "108th ch-NZL"]
[Site "Auckland NZL"]
[Date "2001.01.03"]
[Round "4"]
[White "Sandler,L"]
[Black "Van der Hoorn,M"]
[Result "1-0"]
[WhiteElo "2416"]
[BlackElo "2115"]

1.Nf3 Nf6 2.c4 c5 3.Nc3 g6 4.g3 Bg7 5.Bg2 O-O 6.O-O d6 7.d4 Nc6 8.d5 Na5
9.Nd2 a6 10.Qc2 Rb8 11.b3 b5 12.Bb2 bxc4 13.bxc4 e6 14.e4 exd5 15.cxd5 Ng4
16.Rab1 f5 17.h3 Ne5 18.exf5 Bxf5 19.Nce4 Qd7 20.Kh2 Qc7 21.f4 Nec4 22.Bxg7 Ne3
23.Qc3 Nxf1+ 24.Rxf1 Qxg7 25.Qxa5 Rb2 26.Nxd6 Qd4 27.N6c4 Rc2 28.Re1 Qf2
29.Re7 Rc1 30.Nf3 Rxc4 31.Qc7 Qb2 32.Ne5  1-0

[Event "Open"]
[Site "Ano Liosia GRE"]
[Date "2001.01.06"]
[Round "9"]
[White "Valden,P"]
[Black "Atakisi,U"]
[Result "1-0"]
[WhiteElo "2098"]
[BlackElo "2258"]

1.Nf3 Nf6 2.c4 c5 3.Nc3 d5 4.cxd5 Nxd5 5.a3 Nc6 6.Qc2 Nc7 7.e3 e5 8.Ne4 Qe7
9.h4 f5 10.Nc3 e4 11.Ng5 h6 12.Nh3 Qxh4 13.Be2 Be6 14.g3 Qf6 15.Nf4 Bf7 16.g4 g6
17.gxf5 gxf5 18.d3 exd3 19.Bxd3 Bd6 20.Nh5 Bxh5 21.Rxh5 O-O-O 22.Bxf5+ Kb8
23.Bd2 Qf7 24.Bg6 Qf3 25.Qe4 Qxe4 26.Bxe4 Ne5 27.O-O-O Ng4 28.f3 Nf6 29.Rf5 Nxe4
30.Nxe4 Be7 31.Nxc5 Bxc5 32.Rxc5 h5 33.Rh1 Rd5 34.Rxd5 Nxd5 35.e4 Ne7 36.Bc3 Rh7
37.Bf6 Ng6 38.Rg1 Ne7 39.Rg5 Nc6 40.Rg3 Kc7 41.Kd2 Kd6 42.f4 Ke6 43.Bh4 Rd7+
44.Ke3 Na5 45.Rg6+ Kf7 46.Rf6+ Kg7 47.e5 Nc4+ 48.Ke4 Nd2+ 49.Kf5 Nf3 50.Bg5 Nd4+
51.Ke4 Ne2 52.Rd6 Rc7 53.e6 Rc4+ 54.Kd3  1-0

[Event "TCh-Fin Qualifier"]
[Site "FIN"]
[Date "2001.01.07"]
[Round "1"]
[White "Nippula,T"]
[Black "Lehtioksa,J"]
[Result "1-0"]
[WhiteElo "2211"]
[BlackElo "2181"]

1.c4 Nf6 2.Nc3 c5 3.Nf3 e6 4.g3 Nc6 5.Bg2 d5 6.cxd5 Nxd5 7.O-O Be7 8.d4 O-O
9.e4 Ndb4 10.a3 cxd4 11.axb4 dxc3 12.bxc3 b6 13.Bf4 Bb7 14.Qe2 Qc8 15.Rfd1 Rd8
16.Bh3 Rxd1+ 17.Rxd1 Qe8 18.Bd6 Bxd6 19.Rxd6 Ne7 20.Ng5 g6 21.Qd3 Nc6 22.Nxf7 Kxf7
23.Rd7+ Kg8 24.Rxb7 Rd8 25.Qf3 Qf8 26.Bxe6+ Kh8 27.Rf7  1-0

[Event "Anibal Open"]
[Site "Anibal Open ESP"]
[Date "2001.01.12"]
[Round "5"]
[White "Sturua,Z"]
[Black "Del Rio Angelis,S"]
[Result "1-0"]
[WhiteElo "2594"]
[BlackElo "2467"]

1.Nf3 c5 2.c4 Nf6 3.Nc3 d5 4.cxd5 Nxd5 5.d4 e6 6.e4 Nxc3 7.bxc3 cxd4 8.cxd4 Bb4+
9.Bd2 Bxd2+ 10.Qxd2 O-O 11.Bc4 Nd7 12.O-O b6 13.Rfe1 Bb7 14.a4 Qc7 15.Rac1 Qd8
16.h3 Rc8 17.Qf4 Qf6 18.Qg3 Qh6 19.Ng5 Nf6 20.Qe5 Nd7 21.Qg3 Qg6 22.Nxe6 fxe6
23.Qxg6 hxg6 24.Bxe6+ Kh7 25.Bxd7 Rxc1 26.Rxc1 Rd8 27.Rc7 Bxe4 28.Rxa7 Bf5
29.Bxf5 gxf5 30.a5 bxa5 31.Rxa5 Kg6 32.Ra4 f4 33.Kf1 Kf5 34.Ke2 Rb8 35.Ra2 Ke4
36.Rd2 Rd8 37.d5 Rd6 38.Rd1 Kf5 39.Kf3 Ke5 40.Rd2 Kf5 41.Rd4  1-0

[Event "Czech Extra League 2000-1"]
[Site "CZE"]
[Date "2001.01.13"]
[Round "4"]
[White "Konopka,M"]
[Black "Jurek,J"]
[Result "1/2-1/2"]
[WhiteElo "2485"]
[BlackElo "2367"]

1.Nf3 c5 2.c4 Nf6 3.Nc3 e6 4.g3 b6 5.Bg2 Bb7 6.O-O Be7 7.d4 cxd4 8.Qxd4 d6
9.Bg5 a6 10.Bxf6 Bxf6 11.Qd3 Ra7 12.Rad1 Be7 13.Nd4 Bxg2 14.Kxg2 Qc8 15.f4 Nd7
16.b3 O-O 17.Ne4 Rc7 18.f5 d5 19.cxd5 exd5 20.Nf2 Nf6 21.Qf3 Re8 22.Nd3 Rc3
23.Qf4 Ba3 24.h3 Ne4 25.Rf3 Bc5 26.Nf2 Nxf2 27.Kxf2 Rc2 28.Re3 Rxe3 29.Qxe3 Rxa2
30.g4 h6 31.Kg2 Qd8 32.Rd2 Rxd2 33.Qxd2 Qe7 34.Nf3 Qe4 35.Qd3 Qxd3 36.exd3 Kf8
37.Kf1 Ke7 38.Ke2 Kd6 39.d4 Ba3 40.Ne5 f6 41.Nd3 a5 42.Kd2 Kc6 43.Nf4 Bb2
44.Ne6 b5 45.Kc2 Ba1 46.Kb1 Bc3 47.Kc2 Be1 48.Nxg7 a4 49.Kb2 Bb4 50.Nh5 a3+
51.Ka2 Be7 52.b4 Bxb4 53.Nxf6 Bc3 54.Kxa3 Bxd4 55.Ng8 Bg7 56.h4 d4 57.g5 hxg5
58.hxg5 Kd5 59.Kb3 Ke4 60.f6 Bf8 61.Ne7 Ke5 62.Ng6+ Kf5 63.Nxf8 Kxg5 64.Nd7 Kg6
65.Kb4 Kf7 66.Kxb5 d3 67.Ne5+  1/2-1/2

[Event "Corus Reserve Gp"]
[Site "Wijk aan Zee NED"]
[Date "2001.01.17"]
[Round "2"]
[White "Maksimenko,A"]
[Black "Wiersma,E"]
[Result "1/2-1/2"]
[WhiteElo "2498"]
[BlackElo "2404"]

1.Nf3 Nf6 2.c4 c5 3.Nc3 g6 4.d4 cxd4 5.Nxd4 Bg7 6.e4 O-O 7.Be2 Nc6 8.Be3 d6
9.O-O Nxd4 10.Bxd4 Bd7 11.Qd2 Bc6 12.f3 Nd7 13.Be3 a5 14.b3 Nc5 15.Rab1 Qb6
16.Rfc1 Rfc8 17.Rc2 Qd8 18.Bf1 h5 19.Re1 Kh7 20.g3 Qf8 21.Bg2 Rd8 22.Nd5 e6
23.Nc3 Rd7 24.Qe2 Qh8 25.Qd2 Qf8 26.Qe2 Qh8 27.Qd2 Qf8  1/2-1/2

[Event "ch-POL Boys U18"]
[Site "Zakopane POL"]
[Date "2001.01.17"]
[Round "2"]
[White "Paterek,M"]
[Black "Zawadzki,S"]
[Result "0-1"]
[WhiteElo "2141"]
[BlackElo "2335"]

1.Nf3 Nf6 2.c4 g6 3.Nc3 c5 4.g3 Bg7 5.Bg2 O-O 6.a3 d5 7.cxd5 Nxd5 8.O-O Nc6
9.Nxd5 Qxd5 10.d3 Qd7 11.Rb1 b6 12.b4 cxb4 13.axb4 Bb7 14.Bb2 Rfc8 15.Bxg7 Kxg7
16.Qa4 f6 17.b5 Nd8 18.h4 Ne6 19.Qb4 Rc7 20.Ra1 Bd5 21.Rfb1 Rd8 22.Rb2 Bxf3
23.Bxf3 Nd4 24.Bc6 Nxc6 25.bxc6 Qxc6 26.Kh2 Rd5 27.Ra6 Rc5 28.Rba2 Rc1 29.f3 Qe6
30.Qd2 Rf1 31.Kg2 Rcc1 32.e4 Rg1+ 33.Kf2 Qe5 34.f4 Qd4+ 35.Kf3 Rcf1+ 36.Kg4 h5+
37.Kh3 Rh1+  0-1

[Event "Corus Reserve Gp"]
[Site "Wijk aan Zee NED"]
[Date "2001.01.20"]
[Round "4"]
[White "Friedman,A"]
[Black "Wunnink,M"]
[Result "1-0"]
[WhiteElo "2339"]
[BlackElo "2210"]

1.Nf3 c5 2.c4 Nf6 3.Nc3 d5 4.cxd5 Nxd5 5.e3 Nxc3 6.bxc3 g6 7.d4 Bg7 8.Be2 O-O
9.O-O Nd7 10.Bb2 Qc7 11.Rc1 b6 12.e4 e6 13.e5 Bb7 14.Nd2 Rfd8 15.f4 Rac8
16.Bf3 b5 17.Qe2 Ba6 18.Ne4 cxd4 19.cxd4 Qa5 20.Nd6 b4 21.Qd2 Rb8 22.Rfe1 Nb6
23.Rc5 Qxa2 24.Ra1 Qb3 25.Rxa6 Na4 26.Rc2 Nxb2 27.Rxb2 Qc3 28.Qxc3 bxc3 29.Rxb8 Rxb8
30.Rc6  1-0

[Event "Trudova Ukraina"]
[Site "Kyiv UKR"]
[Date "2001.01.22"]
[Round "4"]
[White "Malakhatko,V"]
[Black "Sergeev,Vl"]
[Result "1/2-1/2"]
[WhiteElo "2513"]
[BlackElo "2485"]

1.Nf3 Nf6 2.c4 c5 3.Nc3 b6 4.g3 Bb7 5.Bg2 g6 6.b3 Bg7 7.Bb2 O-O 8.O-O Ne4
9.Qc1 Nxc3 10.Bxc3 Bxc3 11.Qxc3 Nc6 12.d4 cxd4 13.Nxd4 Nxd4 14.Qxd4 Bxg2
15.Kxg2 Rc8 16.Rfd1 d6 17.a4 a5 18.e4  1/2-1/2

[Event "Elbow Beach Club GMB"]
[Site "Paget Parish BER"]
[Date "2001.01.22"]
[Round "4"]
[White "Kalod,R"]
[Black "Vuckovic,Bo"]
[Result "1/2-1/2"]
[WhiteElo "2490"]
[BlackElo "2458"]

1.Nf3 Nf6 2.c4 c5 3.Nc3 e6 4.e3 Nc6 5.d4 d5 6.a3 a6 7.dxc5 Bxc5 8.b4 Bb6
9.Bb2 O-O 10.Be2 Qe7 11.O-O Rd8 12.Qc2 dxc4 13.Bxc4 Bd7 14.Ne4 Nxe4 15.Qxe4 Rac8
16.Rac1 Kh8 17.h4 Bc7 18.Rfd1 h6 19.h5 Be8 20.g4 Nxb4 21.Be2 Nd5 22.Bd3 f5
23.gxf5 Bxh5 24.fxe6 Nf6 25.Qf5 Rg8 26.Nh4 Qd6 27.f4 Qd5 28.Qxd5 Nxd5 29.Be4 Nxe3
30.Rd7 Bxf4 31.Ng6+ Bxg6 32.Bxg7+ Rxg7 33.Rxc8+ Be8+ 34.Rxg7 Kxg7 35.Rxe8 Bg5
36.e7 Kf7 37.Bg6+ Ke6 38.Kf2 Nd5 39.Bf5+ Ke5 40.Bc8 b6 41.Bxa6 Bxe7 42.Bb7 Kd6
43.Bxd5 Bh4+ 44.Ke3 Kxd5 45.a4 Bg3 46.Rg8 Be5 47.Kd3 Kc5 48.Rg4 Bf6 49.Rf4 Bg5
50.Rc4+ Kd5 51.Rb4 Kc5 52.Rb5+ Kc6 53.Kc4 Kb7 54.Re5 Ka6 55.Re8 Bc1 56.Kd5 Ka5
57.Rc8 Bg5 58.Kc4 Ka6 59.Re8 Kb7 60.Rf8 Ka6 61.Rf5 Bc1 62.Rb5 Bg5 63.Kd5 Bc1
64.Kc6 Be3 65.Rb3 Bc5 66.Rb5 Be3 67.Rb3  1/2-1/2

[Event "Open"]
[Site "Ubeda ESP"]
[Date "2001.01.23"]
[Round "3"]
[White "Najer,E"]
[Black "Vokarev,S"]
[Result "1/2-1/2"]
[WhiteElo "2616"]
[BlackElo "2492"]

1.Nf3 Nf6 2.c4 g6 3.Nc3 c5 4.e4 d6 5.d4 cxd4 6.Nxd4 Nc6 7.Be2 Nxd4 8.Qxd4 Bg7
9.Be3 O-O 10.Qd2 Be6 11.O-O Qa5 12.Rfe1 Rfc8 13.b3 a6 14.Rab1 Qd8 15.Bf3 Rab8
16.Ba7 Ra8 17.Bd4 Rab8 18.Qe3 Qf8 19.Be2 Nd7 20.Bxg7 Qxg7 21.f4 a5 22.Rf1 Nf6
23.Rbd1 Rd8 24.Bf3 Qh6 25.Rd2 Nd7 26.Re1 Re8 27.Nb5 Nc5 28.e5 b6 29.exd6 exd6
30.Nxd6 Red8 31.Qe5 Qg7 32.Qxg7+ Kxg7 33.Red1 Kf8 34.Kf2 Rd7 35.Nb5 Rxd2+
36.Rxd2 Bf5 37.Nd6 Rd8 38.Ke3 Bb1 39.a3 Nxb3 40.Rb2 Rxd6 41.Rxb3 Ba2 42.Rc3 Ke7
43.c5 bxc5 44.Rxc5 a4 45.Rc7+ Kf8 46.Rc6 Rd7 47.Ra6 Bb3 48.Bc6 Re7+ 49.Kd2 Re6
50.g3 Kg7 51.Bb5 Re4 52.Kd3 Re1 53.Bxa4 Bxa4 54.Rxa4 Rh1 55.Rb4 Rxh2 56.Kc4 Kf6
57.a4 Kf5 58.a5 Kg4 59.Rb3 Rc2+ 60.Rc3 Rb2 61.a6 Rb8 62.a7 Ra8 63.Ra3 f6
64.Kc5 g5 65.Kb6 gxf4 66.gxf4 Kxf4  1/2-1/2